000 00475nam a2200193Ia 4500
008 240509s9999 xx 000 0 und d
020 _a0008131707415
041 _aEng
082 _a658.404
082 _bG31
100 _aGHATTAS, R.G.& MCKEE, S.L.
245 0 _aPRACTICAL PROJECT MANAGEMENT :( With CD)
260 _bPEARSON EDUCATION INDIA
260 _c2001
300 _a316 p.
650 _aPROJECT MANAGEMENT : MANAGEMENT
942 _2ddc
942 _cLBK
999 _c23159
_d23159
945 _a1
_bMadushi Gamage
_c1
_dMadushi Gamage